Nhân vật trong tiểu thuyết Mùa lá rụng trong vườn của Ma Văn Kháng
Ma Văn Kháng - Đường đời, đường văn. Thế giới nhân vật phong phú đa dạng và n ghệ thuật xây dựng nhân vật trong Mùa lá rụng trong vườn...
Wedi'i Gadw mewn:
| Prif Awdur: | |
|---|---|
| Awduron Eraill: | |
| Fformat: | Llyfr |
| Iaith: | Vietnamese |
| Cyhoeddwyd: |
Đà Nẵng
ĐH Sư Phạm
2009
|
| Cyfres: | Khóa luận tốt nghiệp. Chuyên ngành: Sư phạm Ngữ văn
|
| Pynciau: | |
| Tagiau: |
Ychwanegu Tag
Dim Tagiau, Byddwch y cyntaf i dagio'r cofnod hwn!
|
| Thư viện lưu trữ: | Mạng thư viện Đại học Đà Nẵng |
|---|
| LEADER | 01563nam a2200397 4500 | ||
|---|---|---|---|
| 001 | 000011048 | ||
| 003 | 7276 | ||
| 005 | 20120111080124.0 | ||
| 008 | 120111s2009 viesd | ||
| 041 | |a vie | ||
| 072 | |a Khóa luận tốt nghiệp | ||
| 082 | |a 895.9223 |b TA-T | ||
| 100 | |a Tăng, Thị Trang |e Tác giả | ||
| 245 | |a Nhân vật trong tiểu thuyết Mùa lá rụng trong vườn của Ma Văn Kháng |c Tăng, Thị Trang | ||
| 260 | |a Đà Nẵng |b ĐH Sư Phạm |c 2009 | ||
| 300 | |a 62 tr |c 29 cm | ||
| 490 | |a Khóa luận tốt nghiệp. Chuyên ngành: Sư phạm Ngữ văn | ||
| 500 | |a Khoa Ngữ văn | ||
| 520 | |a Ma Văn Kháng - Đường đời, đường văn. Thế giới nhân vật phong phú đa dạng và n ghệ thuật xây dựng nhân vật trong Mùa lá rụng trong vườn... | ||
| 653 | |a Khóa luận | ||
| 653 | |a Tốt nghiệp | ||
| 653 | |a Khoa Ngữ văn | ||
| 653 | |a Nhân vật | ||
| 653 | |a Mùa lá rụng | ||
| 653 | |a Ma Văn Kháng | ||
| 700 | |a Nguyễn Thị Bích Hường |c ThS. |e Người hướng dẫn | ||
| OWN | |a LSP | ||
| AVA | |a UDN50 |b LSP |d 895.9223 TA-T |e available |t Error 5001 Not defined in file expand_doc_bib_avail. |f 1 |g 0 |h N |i 0 |k 1 | ||
| 999 | |a From the UDN01 | ||
| AVA | |a UDN50 |b LSP |d 895.9223 TA-T |e available |t Error 5001 Not defined in file expand_doc_bib_avail. |f 1 |g 0 |h N |i 0 |k 1 | ||
| TYP | |a Monograph | ||
| TYP | |a Printed language | ||
| 980 | |a Mạng thư viện Đại học Đà Nẵng | ||